Clasificación histórica de LaLiga - Estadísticas

Estadísticas generales
  • Esta prueba ha sido intentada 65 veces
  • La puntuación promedio es 31 de 40
Estadísticas de respuestas
Puntos Equipo % Correcto
4053 Atlético de Madrid
100%
4937 Barcelona
100%
5043 Real Madrid
100%
3284 Sevilla
100%
3801 Valencia
100%
3806 Athletic Club
98%
2339 Real Betis
98%
3029 Real Sociedad
98%
1843 Deportivo de La Coruña
97%
1439 Villarreal
95%
925 Getafe
91%
259 Girona
91%
1174 Real Oviedo
91%
875 Rayo Vallecano
90%
2109 Real Zaragoza
90%
2154 Celta
88%
714 Deportivo Alavés
88%
1358 Mallorca
88%
1114 Las Palmas
86%
1641 Osasuna
86%
1415 Racing de Santander
86%
709 Elche
83%
791 Málaga
83%
3040 Espanyol
81%
631 Levante
81%
1389 Sporting de Gijón
81%
499 Cádiz
78%
828 Granada
78%
301 Almería
76%
445 Real Murcia
74%
510 Tenerife
74%
1641 Real Valladolid
72%
302 Eibar
71%
538 Hércules
66%
257 Albacete
64%
285 Castellón
52%
353 Sabadell
34%
540 CD Málaga
12%
377 UD Salamanca
9%
293 CD Logroñés
7%
No se encontraron pruebas coincidentes
Distribución de puntuación
Porcentaje de gente con cada puntuación
Porcentaje por número respondido
Historial de tus puntuaciones
No has intentado esta prueba.